LIBRARY & INFORMATION CENTRE, KCAET, TAVANUR

ONLINE PUBLIC ACCESS CATALOGUE (OPAC)

Quality Assessment of Milk and Milk Products (Record no. 14260)

MARC details
000 -LEADER
fixed length control field 00332nam a22001337a 4500
020 ## - INTERNATIONAL STANDARD BOOK NUMBER
ISBN 9789381450444
082 ## - DEWEY DECIMAL CLASSIFICATION NUMBER
Classification number 637.0
Item number THO/QU
100 ## - MAIN ENTRY--AUTHOR NAME
Personal name Thompkinson, D.K
245 ## - TITLE STATEMENT
Title Quality Assessment of Milk and Milk Products
250 ## - EDITION STATEMENT
Edition statement 1
260 ## - PUBLICATION, DISTRIBUTION, ETC. (IMPRINT)
Place of publication New Delhi
Name of publisher New India Publishing Agency
Year of publication 2012
300 ## - PHYSICAL DESCRIPTION
Number of Pages 242
942 ## - ADDED ENTRY ELEMENTS (KOHA)
Koha item type Books
Holdings
Withdrawn status Lost status Damaged status Collection code Home library Current library Shelving location Date acquired Source of acquisition Cost, normal purchase price Full call number Accession Number Koha item type
        KAUAET KAUAET General Stacks 09/06/2016 Universal Research Books, Thrissur 795.00 637.0 THO/QU 24309 Books
free website counter